Equalities and inequalities in the English education system /

Bibliographic Details
Main Authors: Scott, David, 1951- (Author), Scott, Ben (Author)
Corporate Author: ProQuest (Firm)
Format: eBook
Language:English
Published: London, [England] : Trentham Books, 2018.
Subjects:
Online Access:Connect to the full text of this electronic book

MARC

Tag First Indicator Second Indicator Subfields
LEADER 00000cam a2200000Mi 4500
001 in00004046310
006 m o d
007 cr cnu||||||||
008 180310t20182018enk ob 001 0 eng d
005 20250816212825.7
020 |a 9781858568270 
020 |a 1858568277 
020 |a 9781858568669 
020 |a 1858568668 
024 8 |a 40028163014 
035 |a (NhCcYBP)ebc5302115 
037 |a 5302115  |b Proquest Ebook Central 
040 |a NhCcYBP  |c NhCcYBP  |d UtOrBLW 
050 4 |a LC191  |b .S368b 2018 
082 0 4 |a 306.43  |2 23 
100 1 |a Scott, David,  |d 1951-  |e author.  |0 http://id.loc.gov/authorities/names/n93113178 
245 1 0 |a Equalities and inequalities in the English education system /  |c David Scott and Ben Scott. 
264 1 |a London, [England] :  |b Trentham Books,  |c 2018. 
264 4 |c ©2018 
300 |a 1 online resource. 
336 |a text  |b txt  |2 rdacontent 
337 |a computer  |b c  |2 rdamedia 
338 |a online resource  |b cr  |2 rdacarrier 
504 |a Includes bibliographical references and index. 
588 |a Description based on online resource; title from PDF title page (EBC, viewed March 10, 2018). 
500 |a Electronic resource. 
650 0 |a Education  |x Social aspects.  |0 http://id.loc.gov/authorities/subjects/sh2009124644 
655 7 |a Electronic books.  |2 local 
700 1 |a Scott, Ben,  |e author. 
710 2 |a ProQuest (Firm)  |0 http://id.loc.gov/authorities/names/n2007068018 
776 1 8 |c Original  |z 1858568277  |z 9781858568270 
856 4 0 |u https://ebookcentral.proquest.com/lib/tamucs/detail.action?docID=5302115  |y Connect to the full text of this electronic book  |t 0 
955 |a YBP purchased approval e-records 
980 |b 41.19  |g 1 
987 |a ybp15184631 
999 f f |s 931bae40-cc0e-37b1-8ff6-11458ddc30ad  |i bcea05cd-7fb0-3a54-bb3c-a07c38dc8b13  |t 0 
952 f f |a Texas A&M University  |b College Station  |c Electronic Resources  |d Available Online  |t 0  |e LC191 .S368b 2018  |h Library of Congress classification 
998 f f |a LC191 .S368b 2018  |t 0  |l Available Online